[Event "Ramco Tech op"]
[Site "Rajapalayam"]
[Date "2018.12.02"]
[Round "8"]
[White "Syed Anwar, Shazuli"]
[Black "Rao J, Malleswara"]
[Result "1-0"]
[WhiteElo "2174"]
[BlackElo "2042"]
[PlyCount "103"]
[EventDate "2018.11.29"]
[EventType "swiss"]
[EventRounds "8"]
[EventCountry "IND"]
[SourceTitle "CBM 187 Extra"]
[Source "ChessBase"]
[SourceDate "2018.11.04"]
[SourceVersion "1"]
[SourceVersionDate "2018.11.04"]
[SourceQuality "1"]

1. Nf3 Nf6 2. g3 g6 3. b3 Bg7 4. Bb2 d6 5. d4 0-0 6. Bg2 c6 7. 0-0 a5 8. a4 Na6 9. Nbd2 h6 10. e4 d5 11. Ne5 dxe4 12. Nxe4 Nxe4 13. Bxe4 Bxe5 14. dxe5 Qxd1 15. Rfxd1 Nc5 16. Bf3 Bf5 17. Rd2 Rfd8 18. Rad1 Rxd2 19. Rxd2 Kf8 20. g4 Be6 21. Bd4 Nd7 22. Bc3 Nb6 23. h3 Bd5 24. Bd4 Bxf3 25. Bxb6 Ke8 26. c4 h5 27. Rd4 hxg4 28. hxg4 c5 29. Bxc5 Ra6 30. Kh2 f6 31. exf6 Rxf6 32. Kg3 Bc6 33. Rd3 Re6 34. f3 Kf7 35. Kf2 Rf6 36. Ke2 e5 37. Re3 g5 38. Bb6 e4 39. fxe4 Bd7 40. Bxa5 Bxg4+ 41. Kd2 Rf3 42. Bb6 Ke6 43. a5 Bh5 44. b4 Rxe3 45. Kxe3 g4 46. Bc7 Kd7 47. Bg3 Bf7 48. Kd4 Bg6 49. b5 Bf7 50. c5 Kc8 51. c6 bxc6 52. bxc6 1-0

[Event "New Delhi Parsvnath op 6th"]
[Site "New Delhi"]
[Date "2008.01.13"]
[Round "2"]
[White "Ghaem Maghami, Ehsan"]
[Black "Rao J, Malleswara"]
[Result "1-0"]
[WhiteElo "2589"]
[BlackElo "2163"]
[PlyCount "67"]
[EventDate "2008.01.13"]
[EventType "swiss"]
[EventRounds "10"]
[EventCountry "IND"]
[SourceTitle "CBM 122 Extra"]
[Source "ChessBase"]
[SourceDate "2008.03.04"]
[SourceVersion "1"]
[SourceVersionDate "2008.03.04"]
[SourceQuality "1"]

1. c4 Nf6 2. Nc3 g6 3. e4 d6 4. d4 Bg7 5. Nge2 0-0 6. Ng3 e5 7. d5 h5 8. Bg5 a5 9. Be2 Qe8 10. 0-0 Na6 11. Qd2 Nh7 12. Be3 h4 13. Nh1 f5 14. exf5 gxf5 15. f4 e4 16. Bd4 Bd7 17. Bxg7 Kxg7 18. Qd4+ Kh6 19. Nd1 Qe7 20. Ne3 Qf6 21. Qd2 Rg8 22. Nf2 Nc5 23. Kh1 b6 24. Rg1 Rg6 25. g3 hxg3 26. Rxg3 Rag8 27. Rag1 Rxg3 28. hxg3 Rg6 29. g4 Kg7 30. g5 Qe7 31. Bh5 Nf8 32. Rg3 Kg8 33. Bxg6 Nxg6 34. Ng2 1-0

[Event "Chennai WinTV op 1st"]
[Site "Chennai"]
[Date "2004.01.27"]
[Round "8"]
[White "Rao J, Malleswara"]
[Black "Mari Arul, S."]
[Result "0-1"]
[WhiteElo "2157"]
[BlackElo "2322"]
[PlyCount "74"]
[EventDate "2004.01.21"]
[EventType "swiss"]
[EventRounds "13"]
[EventCountry "IND"]
[SourceTitle "CBM 098 Extra"]
[Source "ChessBase"]
[SourceDate "2004.03.10"]
[SourceVersion "2"]
[SourceVersionDate "2004.03.10"]
[SourceQuality "1"]

1. e4 c5 2. Nf3 d6 3. d4 cxd4 4. Nxd4 Nf6 5. Nc3 g6 6. Be3 Bg7 7. f3 Nc6 8. Qd2 0-0 9. 0-0-0 d5 10. Qe1 e5 11. Nxc6 bxc6 12. exd5 Nxd5 13. Bc4 Be6 14. Ne4 Qc7 15. Bc5 Rfd8 16. g4 Nf4 17. Bxe6 Nxe6 18. Bd6 Qb6 19. Qc3 Nd4 20. Kb1 Rd7 21. Bc5 Qc7 22. Bxd4 exd4 23. Qc4 Rb8 24. Rd3 Rd5 25. g5 Rdb5 26. Rb3 d3 27. Qxd3 Bxb2 28. c3 Ba3 29. Nf6+ Kh8 30. Qe4 c5 31. Qa4 Rxb3+ 32. axb3 c4 33. b4 Bxb4 34. cxb4 Qd6 35. Rd1 Rxb4+ 36. Kc1 Qf4+ 37. Kc2 Qxh2+ 0-1